000
00243 a2200097 4500
001
32897
100
_a
Bhatia,S.C
245
_a
Fundamentals of Heat and Mass Transfer
260
_a
N D
_b
CBS Publishers & Distributors
_c
090
_c
22048
_d
22048
942
_a
NUST-CAE
_c
M
_c
13390
999
_c
267970
_d
267970